Quizzes
Events
Quiz Creation
Community
Videos
Private Events
Remove Ads
Sign In
Join for FREE
Feedback
Dark Mode
Quiz Categories
Sports
Geography
Music
Movies
Television
Just For Fun
Miscellaneous
History
Literature
Language
Science
Gaming
Entertainment
Religion
Holiday
For Kids
Quiz Lab
Recent
Popular Today
Quiz Kudos Today
Editor Picks
Curator Picks
Quizzes by...
Day
Popularity
Type
Ratings
Length
Year
Community
Subscriptions
Recent Discussions
Orange Saloon
Badges
Playlists
Quests
Create
Leaderboards
Showdown
Live 5
Trivia Bingo
Activity
Puzzle Library
Sporcle Events
Private Events
Virtual Trivia
Globe League
Become a Host
Pub Owners
SporcleCon
Opinionation
Our Games
Videos
Blog
Mobile Apps
Partnerships
Remove Ads and Go Orange
Feedback
Music
Pop Music
The Beatles
Song
Album
Lyrics
Bands
Singers
Artist
Clip
Rock
Rap
Classical
Billboard
Country Music
Kpop
Taylor Swift
Music
Pop Music
The Beatles
Song
Album
Lyrics
Bands
Singers
Artist
Clip
Rock
Rap
Classical
Billboard
Country Music
Kpop
Taylor Swift
Random Quiz
Search Sporcle
×
Quiz Lab
Quiz Lab
Music
City
Type in answers that appear in a list
Type in answers that appear in a list
Classic
Best Score? Go Orange.
Songs about US Places Stats
Can you name the artists of these songs about US States and Cities?
By
TalkieToaster
10m
35 Questions
167 Plays
167 Plays
167 Plays
Comments
Comments
Give Quiz Kudos
Give Quiz Kudos
-
- Ratings
hide this ad
Replay
Link that replays current quiz
Next Quiz
Link to next quiz in quiz playlist
You Got
0%
They Got
Avg Score
26%
Avg Friend Score
Upgrade to see
Score Distribution
Jump to the score distribution portion of the page
Score
0/35
Timer
10:00
0
Plays Today
Song
Artist
% Correct
Hotel California (1977)
The Eagles
86.2%
New York, New York (1979)
Frank Sinatra
76%
Sweet Home Alabama (1974)
Lynyrd Skynyrd
61.7%
Detroit Rock City (1976)
KISS
55.1%
Philadelphia Freedom (1975)
Elton John
49.7%
Allentown (1982)
Billy Joel
48.5%
Last Train to Clarksville (1966)
The Monkees
47.3%
Blue Hawaii (1961)
Elvis Presley
46.1%
Nebraska (1982)
Bruce Springsteen
43.7%
Miami (1998)
Will Smith
43.7%
No Sleep Til Brooklyn (1986)
Beastie Boys
43.7%
LA Woman (1971)
The Doors
40.7%
Midnight Train to Georgia (1973)
Gladys Knight and the Pips
38.3%
Carolina in my Mind (1968)
James Taylor
35.9%
Gary, Indiana (1957, 1962, name the musical)
The Music Man
26.9%
Do You Know the Way to San Jose? (1968)
Dionne Warwick or Connie Francis
22.8%
Tupelo Honey(1979)
Van Morrison
21.6%
Calling Baton Rouge (1978)
The Oak Ridge Boys & Garth Brooks
20.4%
Song
Artist
% Correct
The Only Living Boy in New York (1970)
Simon & Garfunkel
19.8%
Statesboro Blues (1928, 1968)
Blind Willie McTell & The Allman Brothers Band
18%
Frances Farmer Will Have Her Revenge on Seattle (1993)
Nirvana
16.2%
Chattanooga Choo Choo (1941)
Glenn Miller or Cab Calloway or Bill Haley & His Comets
12.6%
Cleveland Rocks (1979)
Ian Hunter
10.8%
Jersey Girl (1980)
Tom Waits
6%
Song of Wyoming (1975)
John Denver
6%
A Little Girl from Little Rock (1949, 1953)
Marilyn Monroe
4.8%
Baltimore (1977)
Randy Newman
4.2%
'Flint (For the Unemployed and Underpaid)'(2003)
Sufjan Stevens
3.6%
Chi-
City (2005)
Common
3%
The Dry Cleaner from Des Moines(1979)
Joni Mitchell
3%
Honolulu LuLu (1963)
Jan & Dean
2.4%
San Jacinto (1982)
Peter Gabriel
2.4%
Ohio (1996)
Modest Mouse
1.8%
North Dakota (1992)
Lyle Lovett
1.8%
Missouri (1999)
Low
1.2%
Quiz Playlist
Details
Report
Send in Message
Add To Playlist
Classic:
Type in answers that appear in a list
Last Updated: Feb 16, 2017
Quiz Scoreboard
CHALLENGE
Sign Up to Join the Scoreboard
Show All
Scores
Hide
Comments
May contain spoilers
Recently Published
TV Characters by Other Roles V
by ghcgh
Television
5m
Decade Duel: World Leaders
by jenniferyan
History
4m
Alphabetical 'K' Countries by Flag Minefield
by ylime102
Geography
3m
More to Explore
Quiz From the Vault
Featured Blog Post
15 Basketball Trivia Facts You Can Be March Mad About
hide this ad
You Might Also Like...
Tags
City Quiz
Country Music Quiz
Rap Quiz
Song Quiz
State Quiz
United States Quiz
folk
US Cities
Today's Top Quizzes in Music
Browse Music
hide this ad
Today's Top Quizzes in City
Browse City
Top Contributed Quizzes in Music
1
Taylor Swift All Songs (2024)
2
Decade Duel: Singer
3
Taylor Swift Logic Puzzle
4
KPOP LOGIC QUIZ
5
Guess the Taylor Swift song (Mystery Song)
6
Guess The Taylor Swift Lyrics Song #1
7
A Taylor Swift Logic Puzzle
8
kpop group name match up
9
2 word kpop group match
10
Madness Songs By Image
Explore More
Trending Topics
Kpop
Marvel
Anime
NBA
Harry Potter
Disney
Crossword
Song
Soccer
The Office
NFL
Country
Pokémon
Puzzle
WWE
hide this ad
More By:
TalkieToaster
Quiz
Plays
Rating
Category
Featured
Created
'Black Books' Trivia
1,284
2.38
Television
Dec 11, 2010
I've Just Seen a Face Lyrics
513
2.00
Music
Dec 15, 2010
KC Chiefs Grab-Bag
466
1.57
Sports
Dec 11, 2010
KC Chiefs Head Coaches
452
1.00
Sports
Dec 11, 2010
Beatles Songs with One-Word Titles
394
1.00
Music
Dec 18, 2010
Go to Creator's Profile
Score Distribution
Quiz Creator Spotlight
TalkieToaster
Follow
Send a Message
Quizzes Created
-
Created Quiz Play Count
-
More By This Creator
Popular Quizzes Today
1
Countries of Asia Without Outlines Minefield
2
Find the US States - No Outlines Minefield
3
Pick 6: Fruits
4
The Countries of the World
5
Alphabetical 'K' Countries by Flag Minefield
6
Find the Countries of Europe - No Outlines Minefield
7
US States
8
Find the US States
More Music Quizzes
Pearl Jam Songs Based on Their First Line(s)
Quiz Lab
Trending Quizzes
Pick 6: Mountains
Pick 6: Harry Potter
Pick 6: Flags
Pick 6: NFL Teams
Pick 6: Movie Franchises
Recently Updated
Adaptations: Name the Title
pecheneg
NWSL Teams
pecheneg
Women's Final Four Teams by Year
bhenderson79
Presidents Quartet II
eogle
Anything But Clue(do)
eogle
Anything But Oceanian Capitals
eogle
Anything But 7
eogle
Anything But Thing
eogle
Word Ladder: February 29
pecheneg
Song Title Questions
pecheneg
Trending Topics
Marvel
Disney
NBA
Crossword
Anime
Kpop
Harry Potter
Puzzle
Song
Country
NFL
WWE
Soccer
The Office
Pokémon
Your Account Isn't Verified!
In order to create a playlist on Sporcle, you need to verify the email address you used during registration. Go to your
Sporcle Settings
to finish the process.
Report this User
Report this user for behavior that violates our
Community Guidelines
.
Details:
Send Report
Go to the Sporcle.com Mobile Site →
Comments